000
00240nam a2200097Ia 4500
001
834800
005
20250826172441.0
008
250824s9999 xx 000 0 und d
245
0
_a
MERHAMET
_c
ESMA BUDAK
260
_b
DİYANET İŞLERİ YAYINLARI
999
_c
834800
_d
834800